Southville International School and Colleges
Your cart is empty.
  • Cart
  • Lists
    Public lists Eva Luna New books Lux_list list_1
    Your lists Log in to create your own lists
  • Log in to your account
  • Your cookies
  • Search history
Southville International School and Colleges
  • Advanced search
  • Recent comments
  • Most popular
  • Libraries

Log in to your account

Log in with GOOGLE


If you do not have an external account, but do have a local account, you can still log in:

  1. Home
  2. MARC view: O.D.S. operations declamations and speeches :
Normal view MARC view ISBD view

O.D.S. operations declamations and speeches : (Record no. 17404)

[ view plain ]
MARC details
000 -LEADER
fixed length control field 00739cam a22002294a 4500
001 - CONTROL NUMBER
control field 14567331
003 - CONTROL NUMBER IDENTIFIER
control field OSt
005 - DATE AND TIME OF LATEST TRANSACTION
control field 20160511080609.0
008 - FIXED-LENGTH DATA ELEMENTS--GENERAL INFORMATION
fixed length control field 060925s2008 mauab 001 0 eng
010 ## - LIBRARY OF CONGRESS CONTROL NUMBER
LC control number 2006051688
020 ## - INTERNATIONAL STANDARD BOOK NUMBER
International Standard Book Number 971598004x
040 ## - CATALOGING SOURCE
Original cataloging agency DLC
Transcribing agency DLC
050 ## - LIBRARY OF CONGRESS CALL NUMBER
Classification number PN 4271
Item number .C227 1996
100 ## - MAIN ENTRY--PERSONAL NAME
Personal name Canonigo, C.S.
245 ## - TITLE STATEMENT
Title O.D.S. operations declamations and speeches :
Remainder of title for various occasions /
Statement of responsibility, etc C.S. Canonigo.
260 ## - PUBLICATION, DISTRIBUTION, ETC. (IMPRINT)
Place of publication, distribution, etc Manila :
Name of publisher, distributor, etc s.n.,
Date of publication, distribution, etc 1996.
300 ## - PHYSICAL DESCRIPTION
Extent 197 pages :
Other physical details illustrations ;
Dimensions 19 cm.
906 ## - LOCAL DATA ELEMENT F, LDF (RLIN)
a 7
b cbc
c orignew
d 1
e ocip
f 20
g y-gencatlg
942 ## - ADDED ENTRY ELEMENTS (KOHA)
Source of classification or shelving scheme Library of Congress Classification
Koha item type Books
Holdings
Withdrawn status Lost status Source of classification or shelving scheme Damaged status Home library Current library Shelving location Date acquired Total Checkouts Full call number Barcode Date last seen Copy number Price effective from Koha item type
    Library of Congress Classification   College Library College Library Filipiniana Section 01/30/2013   PN4271 .C227 1996 c0661 05/08/2018 1 11/14/2013 Books
    Library of Congress Classification   College Library College Library Filipiniana Section 04/19/2013   PN4271 .C227 1996 c0659 05/08/2018 2 04/19/2013 Books
    Library of Congress Classification   College Library College Library Filipiniana Section 04/19/2013   PN4271 .C227 1996 c0660 05/08/2018 3 04/19/2013 Books

O.D.S. operations declamations and speeches :

APA

Canonigo C., . (1996). O.D.S. operations declamations and speeches. Manila: s.n.

Chicago

Canonigo C.S, . 1996. O.D.S. operations declamations and speeches. Manila: s.n.

Harvard

Canonigo C., . (1996). O.D.S. operations declamations and speeches. Manila: s.n.

MLA

Canonigo C.S, . O.D.S. operations declamations and speeches. Manila: s.n. 1996.

  • Place hold
  • Print
  • Cite
  • Add to your cart (remove)
  • Save record
    BIBTEX Dublin Core MARCXML MARC (non-Unicode/MARC-8) MARC (Unicode/UTF-8) MARC (Unicode/UTF-8, Standard) MODS (XML) RIS
  • More searches
    Search for this title in:
    Other Libraries (WorldCat) Other Databases (Google Scholar) Online Stores (Bookfinder.com) Open Library (openlibrary.org)

Exporting to Dublin Core...

SOUTHVILLE LIBRARY

Southville International School and Colleges Library

1281 Tropical Ave. Cor. Luxembourg St., BF Homes International, Las Pinas City

Tel. No. 8256374 / 252358 Loc. 117/146

Powered by Koha